Strategic Financial Management Practices of Skin Care Clinics in the First District of Rizal Calendar Year 2022 (Record no. 68314)

MARC details
000 -LEADER
fixed length control field 00917nam a22002297a 4500
003 - CONTROL NUMBER IDENTIFIER
control field URS
005 - DATE AND TIME OF LATEST TRANSACTION
control field 20230228102338.0
008 - FIXED-LENGTH DATA ELEMENTS--GENERAL INFORMATION
fixed length control field 230228b |||||||| |||| 00| 0 eng d
043 ## - GEOGRAPHIC AREA CODE
Geographic area code URS
100 ## - MAIN ENTRY--PERSONAL NAME
9 (RLIN) 3890
Personal name Art L. Arandia
Relator term Author
245 ## - TITLE STATEMENT
Title <a href="Strategic Financial Management Practices of Skin Care Clinics in the First District of Rizal Calendar Year 2022">Strategic Financial Management Practices of Skin Care Clinics in the First District of Rizal Calendar Year 2022</a>
Statement of responsibility, etc Art L. Arandia, Danica G. Sabado, Anne Pauline T. San Jose
260 ## - PUBLICATION, DISTRIBUTION, ETC. (IMPRINT)
Date of publication, distribution, etc 2022
300 ## - PHYSICAL DESCRIPTION
Extent xii, 67 leaves;
Dimensions 28 cm.
336 ## - CONTENT TYPE
Source rdacontent
Content type term text
337 ## - MEDIA TYPE
Source rdamedia
Media type term unmediated
338 ## - CARRIER TYPE
Source rdacarrier
Carrier type term volume
502 ## - DISSERTATION NOTE
Dissertation note Undergraduate Thesis
Degree type Bachelor of Science in Business Administration Major in Financial Management<br/>
Name of granting institution University of Rizal System, Binangonan
Year degree granted 2022
700 ## - ADDED ENTRY--PERSONAL NAME
9 (RLIN) 3891
Personal name Danica G. Sabado
Relator term Author
700 ## - ADDED ENTRY--PERSONAL NAME
9 (RLIN) 3892
Personal name Anne Pauline T. San Jose
Relator term Author
700 ## - ADDED ENTRY--PERSONAL NAME
9 (RLIN) 3492
Personal name Genuis R. San Pablo, MAT
Relator term Adviser
942 ## - ADDED ENTRY ELEMENTS (KOHA)
Source of classification or shelving scheme Library of Congress Classification
Koha item type Theses and dissertations
Holdings
Withdrawn status Source of classification or shelving scheme Damaged status Not for loan Home library Current library Shelving location Date acquired Total Checkouts Barcode Date last seen Price effective from Koha item type
  Library of Congress Classification     Binangonan College Library Binangonan College Library Undergraduate Theses 02/28/2023   URSBIN-UGT2673 02/28/2023 02/28/2023 Theses and dissertations

University of Rizal System
Email us at univlibservices@urs.edu.ph

Visit our Website www.urs.edu.ph/library